| 000 | 00765nam a2200217 u 4500 | ||
|---|---|---|---|
| 005 | 20240411063710.0 | ||
| 008 | 121109s2009 r 000 0 eng d | ||
| 020 | _a9786074660135 | ||
| 035 | _aUPN01000188330 | ||
| 049 | _aCG | ||
| 050 | 4 |
_aBF201 _bG3.4 |
|
| 100 | 1 |
_aGarcía Campos, Jonatan _932837 |
|
| 245 | 1 | 0 |
_aEpistemología y psicología cognitiva : _bun acercamiento al estudio de la justificación / _cJonatan García Campos. |
| 260 |
_aMéxico : _bCentro de Estudios Filosóficos, Políticos y Sociales Vicente Lombardo Toledano, _c2009. |
||
| 300 | _a247 p. | ||
| 440 | 0 | _aEslabones en el desarrollo de la ciencia | |
| 650 | 2 |
_aPsicología cognoscitiva _96335 |
|
| 650 | 4 |
_aTeoría del conocimiento _91707 |
|
| 905 | _aLibro | ||
| 999 |
_c160433 _d160433 |
||